000 00488nam a2200181Ia 4500
003 LK-CoDNM
005 20240319101028.0
008 010623t1933 xxu||||| |||| 00| 1 sin d
040 _aLK-CoDNM
_dLK-CoDNM
_eLK-CoDNM
041 _asin
080 _a104 KK4
100 _aPemananda thero,Paravahera
245 _aවෙසක් තුටු පඬුර
246 _aWesak Tutu Pandura
260 _bDharmabandu Press
_aTangalla
_c1933
300 _bDamaged
_a24p.,14 cm
942 _cBK
999 _c96890
_d96890